2020s Celebrities by Picture #2 - Statistics

General Stats
  • This quiz has been taken 42,495 times
  • The average score is 12 of 20
Answer Stats
Picture Answer % Correct
Harry Styles
92%
Post Malone
85%
Sabrina Carpenter
84%
Logan Paul
81%
Lizzo
80%
Jason Momoa
73%
Sydney Sweeney
73%
Cillian Murphy
70%
Olivia Rodrigo
68%
Travis Kelce
67%
Pedro Pascal
64%
Shawn Mendes
61%
Kendrick Lamar
55%
Anya Taylor-Joy
54%
Harry Kane
54%
Ana de Armas
39%
Nikola Jokić
39%
Glen Powell
36%
Aubrey Plaza
35%
Nick Offerman
21%
No matching quizzes found
Score Distribution
Percent of People with Each Score
Percentile by Number Answered
Your Score History
You have not taken this quiz